| 000 | 00776nam a22001817a 4500 | ||
|---|---|---|---|
| 999 |
_c371488 _d371488 |
||
| 008 | 201127b ||||| |||| 00| 0 eng d | ||
| 040 |
_aDE-2950 _bger _cDE-2950 _erda |
||
| 041 | _ager | ||
| 245 |
_aErschöpft und in Angst. _bUkraine-Krieg: Sie wissen nicht so recht, ob sie noch in Polen oder schon in Deutschland sind, ob sie ein Ticket brauchen, was die Polizei will. Die ersten Ukrainer sind in Deutschland am Bahnhof in Frankfurt angekommen / _cLisa Mahlke |
||
| 264 | _c2022 | ||
| 653 | _aUkraine | ||
| 653 | _aFlüchtlinge | ||
| 773 |
_dFrankfurt (Oder) Märkisches Verlags- und Druckhaus GmbH & Co KG _tMärkische Oderzeitung _g33. Jahrgang (2022) Nr. 50 vom 01.03.2022, S. 15 |
||
| 942 | _cA | ||